000
00313nam a2200109Ia 4500
008
220204s9999 xx 000 0 und d
082
_a
929A/Z(TER)
_b
MUG
100
_a
Muggeridge, Malcolm
245
0
_a
Something beautiful for god: Mother Teresa of Calcutta
260
_a
London
_b
William Collins
_c
1971
942
_c
BK
999
_c
32667
_d
32667